000 00460nam a2200169Ia 4500
003 GCL
008 140319s9999 xx 000 0 ara d
040 _aGCL /
_cGCL
082 0 4 _a818.03
_bش ن
100 1 _aشريف حتاتة
245 1 0 _aالنوافذ المفتوحة مذكرات /
_cشريف حتاتة
260 _a[S.N] :
_bمكتبة مدبولى ،
_c1993
300 _a368 ص
490 _a
650 0 4 _aالمذكرات
942 _2ddc
_cBK
999 _c39220
_d39220